Los límites de la modernidad / (Record no. 203255)

MARC details
000 -CABECERA
campo de control de longitud fija 00669nam a2200217 u 4500
005 - FECHA Y HORA DE LA ÚLTIMA TRANSACCIÓN
campo de control 20220512141325.0
008 - ELEMENTOS DE LONGITUD FIJA--INFORMACIÓN GENERAL
campo de control de longitud fija 190610s1993 r 000 0 eng d
020 ## - NÚMERO INTERNACIONAL NORMALIZADO PARA LIBROS
Número Internacional Estándar del Libro 9686170510
035 ## - NÚMERO DE CONTROL DEL SISTEMA
Número de control de sistema UPN01000231160
049 ## - COLECCIÓN
Colección CG
050 #4 - SIGNATURA TOPOGRÁFICA DE LA BIBLIOTECA DEL CONGRESO
Número de clasificación JA76
Número de documento/Ítem C4.4
100 1# - ASIENTO PRINCIPAL--NOMBRE PERSONAL
Nombre de persona Cervantes Jáuregui, Luis Filiberto,
Fechas asociadas al nombre 1945-1992
9 (RLIN) 42927
245 14 - MENCIÓN DE TÍTULO
Título Los límites de la modernidad /
Mención de responsabilidad, etc. Luis Cervantes Jáuregui.
260 ## - PUBLICACIÓN, DISTRIBUCIÓN, ETC.
Lugar de publicación, distribución, etc. Guanajuato :
Nombre del editor, distribuidor, etc. Gobierno del Estado de Guanajuato :
-- UAM-Azcapotzalco,
Fecha de publicación, distribución, etc. 1993.
300 ## - DESCRIPCIÓN FÍSICA
Extensión vii, 258 p.
440 #0 - MENCIÓN DE SERIE/ASIENTO SECUNDARIO--TÍTULO
Título Autores de Guanajuato
650 #4 - ASIENTO SECUNDARIO DE MATERIA - TERMINO TEMATICO
Término de materia o nombre geográfico como elemento de entrada SOCIOLOGIA POLITICA
9 (RLIN) 6017
650 #2 - ASIENTO SECUNDARIO DE MATERIA - TERMINO TEMATICO
Término de materia o nombre geográfico como elemento de entrada Modernidad
9 (RLIN) 514
905 ## - TIPO DE MATERIAL
Tipo de material Libro
Holdings
Estado de retiro Estado de pérdida Fuente del sistema de clasificación o colocación Estado dañado No para préstamo Código de colección Localización permanente Ubicación/localización actual Ubicación en estantería Total de préstamos Clasificación Código de barras Fecha visto por última vez Número de copia Tipo de ítem Koha
    Library of Congress Classification     Colección General Bib. Gregorio Torres Quintero Bib. Gregorio Torres Quintero Planta baja   JA76 C4.4 323964 31/12/2020 1 Libro